000 00268nam a22000977a 4500
999 _c11665
_d11665
008 191125b ||||| |||| 00| 0 eng d
020 _a9780545021340
100 _aStilton Geronimo
_97367
245 _aGeronimo Stilton, Secret Agent
260 _aMumbai
_bRepro Pvt Ltd
_c2013